Leonardo DiCaprio movies by his role - Statistics

General Stats
  • This quiz has been taken 206 times
  • The average score is 15 of 24
Answer Stats
Role Movie % Correct
Jack Dawson Titanic
97%
Jay Gatsby The Great Gatsby
92%
Jordan Belfort The Wolf of Wall Street
92%
Romeo Montague Romeo + Juliet
88%
Frank Abagnale, Jr. Catch Me If You Can
87%
Dominick "Dom" Cobb Inception
78%
Arnie Grape What's Eating Gilbert Grape
78%
Edward "Teddy" Daniels / Andrew Laeddis Shutter Island
72%
Howard Hughes The Aviator
72%
Hugh Glass The Revenant
71%
Amsterdam Vallon Gangs of New York
67%
Calvin J. Candie Django Unchained
64%
J. Edgar Hoover J. Edgar
64%
King Louis XIV / Philippe The Man in the Iron Mask
63%
William "Billy" Costigan The Departed
62%
Jim Carroll The Basketball Diaries
60%
Danny Archer Blood Diamond
56%
Frank Wheeler Revolutionary Road
51%
Tobias "Toby" Wolff This Boy's Life
43%
Hank Lacker Marvin's Room
38%
Fee "The Kid" Herod The Quick and the Dead
36%
Roger Ferris Body of Lies
35%
Brandon Darrow Celebrity
32%
Arthur Rimbaud Total Eclipse
31%
No matching quizzes found
Score Distribution
Percent of People with Each Score
Percentile by Number Answered
Your Score History
You have not taken this quiz